Martin luther king jr., malcolm x, and the civil rights struggle of the 1950s and 1960s : A brief history with documents
This volume presents the two leaders' relationship to the civil rights movement beyond a simplified dualism. A rich selection of speeches, essays, and excerpts from Malcolm X's autobiography and King's sermons shows the breadth and range of each man's philosophy, demonstrating th...
সংরক্ষণ করুন:
| প্রধান লেখক: | |
|---|---|
| বিন্যাস: | গ্রন্থ |
| ভাষা: | Vietnamese |
| প্রকাশিত: |
Boston
Bedford/ST.Martin's
2004
|
| মালা: | The bedford series in history and culture
|
| ট্যাগগুলো: |
ট্যাগ যুক্ত করুন
কোনো ট্যাগ নেই, প্রথমজন হিসাবে ট্যাগ করুন!
|
| Thư viện lưu trữ: | Thư viện Trường Đại học Nam Cần Thơ |
|---|
| LEADER | 01164nam a22002057a 4500 | ||
|---|---|---|---|
| 001 | NCT_83296 | ||
| 008 | 200727b xxu||||| |||| 00| 0 vie d | ||
| 999 | |c 4098 |d 4098 | ||
| 020 | |a 9780312395056 | ||
| 082 | 0 | 4 | |2 23rd ed. |a 920 |b H848 |
| 100 | 1 | |a Howard-Pitney, David | |
| 245 | 1 | 0 | |a Martin luther king jr., malcolm x, and the civil rights struggle of the 1950s and 1960s : |b A brief history with documents |c David Howard-Pitney |
| 260 | |a Boston |b Bedford/ST.Martin's |c 2004 | ||
| 300 | |a xv, 207 p. |b ill. |c 21cm | ||
| 490 | 0 | |a The bedford series in history and culture | |
| 504 | |a index: p.201-207 | ||
| 520 | 3 | |a This volume presents the two leaders' relationship to the civil rights movement beyond a simplified dualism. A rich selection of speeches, essays, and excerpts from Malcolm X's autobiography and King's sermons shows the breadth and range of each man's philosophy, demonstrating their differences, similarities, and evolution over time. | |
| 942 | |2 ddc |c BK | ||
| 952 | |0 0 |1 0 |2 ddc |4 0 |6 920_000000000000000_H848 |7 0 |9 20132 |a 000001 |b 000001 |d 2020-07-27 |o 920 H848 |p TK.01076 |r 2020-07-27 |w 2020-07-27 |y BK | ||
| 980 | |a Thư viện Trường Đại học Nam Cần Thơ | ||


